000
00344nam a2200157Ia 4500
003
Ost
005
20260225132537.0
008
260225s9999||||xx |||||||||||||| ||und||
040
_c
fsic
041
_a
fre
082
_a
341.6
100
_a
Marc-boye
_e
Auteur
245
0
_a
Vous avez dit ingérence /
245
0
_c
Marc-boye
942
_c
كتاب
999
_c
33290
_d
33290